000 00824nam a2200217Ia 4500
001 7328
005 20260420154930.0
008 260306t2013||||xx |||||||||||||| ||spa||
041 _aESP
082 _a338.5
_bP59 2013
100 _aPindyck, Robert S.
_eAUT
245 0 _aMicroeconomía
260 _c2013
300 _axxvi, 743 páginas :
_c27 cm.
650 _aGEN
654 _aCAN
856 _uhttps://itmsp.museknowledge.com/UCSP?url=https://www.ebooks7-24.com:443/?il=6909&pg=1
_zVersión digital (2018)
856 _uhttps://0u213x8fl-y-https-ebooks7--24-com.itmsp.museknowledge.com/biblioteca.aspx
_zVéase además: Base de datos Ebook7-24
856 _uhttps://0u20fx8fo-y-https-research-ebsco-com.itmsp.museknowledge.com/c/qxo6us/search
_zVéase además: Base de datos EBSCOhost
942 _cLIB
_dJUS
_fJUS
_2ddc
999 _c7328
_d7328